Tener en español - Statistics

General Stats
  • This quiz has been taken 14 times
  • The average score is 9 of 13
Answer Stats
English Español % Correct
We have Tenemos
100%
To have Tener
100%
I have Tengo
100%
He/She has Tiene
100%
You have Tienes
100%
He/She will have Tendrá
50%
You will have Tendrás
50%
I will have Tendré
50%
We will have Tendremos
50%
I had Tuve
50%
You had Tuviste
50%
He/She Had Tuvo
50%
We had Tuvimos
25%
No matching quizzes found
Score Distribution
Percent of People with Each Score
Percentile by Number Answered
Your Score History
You have not taken this quiz